<?xml version="1.0" encoding="UTF-8"?>
<record
    xmlns:xsi="http://www.w3.org/2001/XMLSchema-instance"
    xsi:schemaLocation="http://www.loc.gov/MARC21/slim http://www.loc.gov/standards/marcxml/schema/MARC21slim.xsd"
    xmlns="http://www.loc.gov/MARC21/slim">

  <leader>00399    a2200121   4500</leader>
  <controlfield tag="001">ART_28133</controlfield>
  <controlfield tag="005">20260410161951.0</controlfield>
  <controlfield tag="008">260409a                                 </controlfield>
  <datafield tag="245" ind1="1" ind2="0">
    <subfield code="a">Assesing HP filter performance for Argentina and U.S. macro aggregates</subfield>
  </datafield>
  <datafield tag="100" ind1="1" ind2=" ">
    <subfield code="a">Ahumada, Hildegart</subfield>
  </datafield>
  <datafield tag="700" ind1="1" ind2=" ">
    <subfield code="a">Garegnani, Lorena</subfield>
  </datafield>
  <datafield tag="773" ind1="0" ind2=" ">
    <subfield code="t">Journal of applied economics</subfield>
    <subfield code="g">- Vol. 3, N&#xBA; 2 (nov. 2000)</subfield>
    <subfield code="w">REV28044</subfield>
  </datafield>
  <datafield tag="999" ind1=" " ind2=" ">
    <subfield code="c">30380</subfield>
    <subfield code="d">30380</subfield>
  </datafield>
</record>
